Senegal : Fifth Review Under the Policy Support Instrument and Request for Modification of Assessment Criterion-Press Release; Staff Report.

Economic performance. Growth is expected to stay high at close to 7 percent in 2017, similar to 2016, with inflation contained at 2 percent. A negative terms of trade shock combined with higher capital imports widened the current account deficit. Fiscal policy. Authorities are committed to achieving...

Deskribapen osoa

Xehetasun bibliografikoak
Erakunde egilea: International Monetary Fund. African Dept
Formatua: Aldizkaria
Hizkuntza:English
Argitaratua: Washington, D.C. : International Monetary Fund, 2018.
Saila:IMF Staff Country Reports; Country Report ; No. 2018/008
Sarrera elektronikoa:Full text available on IMF
LEADER 02344cas a2200253 a 4500
001 AALejournalIMF018202
008 230101c9999 xx r poo 0 0eng d
020 |c 5.00 USD 
020 |z 9781484337851 
022 |a 1934-76851 
040 |a BD-DhAAL  |c BD-DhAAL 
110 2 |a International Monetary Fund.  |b African Dept. 
240 1 0 |a Senegal: Fifth Review Under the Policy Support Instrument and Request for Modification of Assessment Criterion-Press Release; Staff Report.  |l French 
245 1 0 |a Senegal :   |b Fifth Review Under the Policy Support Instrument and Request for Modification of Assessment Criterion-Press Release; Staff Report. 
264 1 |a Washington, D.C. :  |b International Monetary Fund,  |c 2018. 
300 |a 1 online resource (63 pages) 
490 1 |a IMF Staff Country Reports 
500 |a <strong>Off-Campus Access:</strong> No User ID or Password Required 
500 |a <strong>On-Campus Access:</strong> No User ID or Password Required 
506 |a Electronic access restricted to authorized BRAC University faculty, staff and students 
520 3 |a Economic performance. Growth is expected to stay high at close to 7 percent in 2017, similar to 2016, with inflation contained at 2 percent. A negative terms of trade shock combined with higher capital imports widened the current account deficit. Fiscal policy. Authorities are committed to achieving the 3 percent of GDP fiscal deficit target by the 2019 WAEMU target date--one year later than foreseen in the PSI 4th review. Delayed reforms, including to strengthen Treasury operations, and presidential elections in early 2019, are leading to increasing fiscal pressures. To keep Senegal at low risk of debt distress, structural issues underlying the public sector overall borrowing requirement (which the headline budget deficit does not fully capture), need to be addressed, through reforming the Post Office and Civil Service Pension and limiting use of deposit accounts outside budget appropriations of the current fiscal year. This will help create space for continued and much-needed investments in human and physical capital. 
538 |a Mode of access: Internet 
830 0 |a IMF Staff Country Reports; Country Report ;  |v No. 2018/008 
856 4 0 |z Full text available on IMF  |u http://elibrary.imf.org/view/journals/002/2018/008/002.2018.issue-008-fr.xml  |z IMF e-Library